Pour un vocabulaire mystique au XVIIe siècle. Séminaire du professeur CARLO OSSOLA. Textes réunis par FRANÇOIS TRÉMOLIÈRES. Turin, Nino Aragno Editore, 2005. Un vol. 14,8 × 23,5 de XXI+420 p. (notice n° 1654134)

détails MARC
000 -LEADER
fixed length control field 01540cam a2200157 4500500
005 - DATE AND TIME OF LATEST TRANSACTION
control field 20260208005845.0
041 ## - LANGUAGE CODE
Language code of text/sound track or separate title fre
042 ## - AUTHENTICATION CODE
Authentication code dc
100 10 - MAIN ENTRY--PERSONAL NAME
Personal name Mantero, Anne
Relator term author
245 00 - TITLE STATEMENT
Title Pour un vocabulaire mystique au XVIIe siècle. Séminaire du professeur CARLO OSSOLA. Textes réunis par FRANÇOIS TRÉMOLIÈRES. Turin, Nino Aragno Editore, 2005. Un vol. 14,8 × 23,5 de XXI+420 p.
260 ## - PUBLICATION, DISTRIBUTION, ETC.
Date of publication, distribution, etc. 2006.<br/>
500 ## - GENERAL NOTE
General note 77
520 ## - SUMMARY, ETC.
Summary, etc. Un halo de légende entourait les dîners hebdomadaires de la Société-du-Bout-du-Banc et ses publications. Mme de Graffigny le dissipe. En 1743-1745, elle nous fait suivre presque au jour le jour, au fil de ses lettres savoureuses, l’élaboration du Recueil de ces Messieurs auquel elle participe. On saisit les mécanismes du fonctionnement de cet atelier littéraire organisé et dirigé par Mlle Quinault et le comte de Caylus. On impose à chacun un sujet, un certain style, des contrôles au cours du travail, éventuellement des corrections, une lecture devant un aréopage qui peut refuser le manuscrit. Quelle que soit leur notoriété, les membres de l’équipe acceptent ces contraintes avec bonne humeur. La rigueur n’exclut d’ailleurs pas la facétie : on en jugera par la Table des matières, l’Avertissement et la Postface de Duclos.
786 0# - DATA SOURCE ENTRY
Note Revue d'histoire littéraire de la France | 106 | 2 | 2006-03-01 | p. 423g-483g | 0035-2411
856 41 - ELECTRONIC LOCATION AND ACCESS
Uniform Resource Identifier <a href="https://shs.cairn.info/revue-d-histoire-litteraire-de-la-france-2006-2-page-423g?lang=fr&redirect-ssocas=7080">https://shs.cairn.info/revue-d-histoire-litteraire-de-la-france-2006-2-page-423g?lang=fr&redirect-ssocas=7080</a>

Pas d'exemplaire disponible.

PLUDOC

PLUDOC est la plateforme unique et centralisée de gestion des bibliothèques physiques et numériques de Guinée administré par le CEDUST. Elle est la plus grande base de données de ressources documentaires pour les Étudiants, Enseignants chercheurs et Chercheurs de Guinée.

Adresse

627 919 101/664 919 101

25 boulevard du commerce
Kaloum, Conakry, Guinée

Réseaux sociaux

Powered by Netsen Group @ 2025